{"text_format":"3","workbook":"xls","n_sheets":3,"sheets":["一楼宴会厅","一楼会议室","二楼报告厅"],"not_rendered":{"images":56},"read":"whole","date_system":"1900","formulas":"cached_only"}

{"sheet":"一楼宴会厅","index":0,"n_rows":30,"n_cols":11,"rows_kept":30,"merged":[[0,0,0,5],[0,6,0,9],[2,0,2,9],[17,0,17,5],[29,0,29,7]],"flags":["formulas_cached_only"]}
["6.16池州开元大酒店报价单"]
["序号","设备名称","品牌","型号","技术参数","单位","数量","单价（元）","小计（元）","类似图"]
["A,一楼宴会厅音响设备"]
[null,"High end级15寸音箱","P.AUDIO","KP-15P","类型:无源两分频低频反射\n低音扬声器尺寸：15寸\n低音扬声器音圈：3寸\n高频尺寸：1.5寸钕压缩驱动器\n高频音圈：1.5寸\n箱体设计：高质量耐磨聚合木材\n手柄：无\n杆式安装:底部插孔\n重量：27.5kg\n尺寸（高x宽x深）680*410*460\n灵敏度（1W/1m）（分贝）：98DB\n-3db响应：43HZ-20KHZ\n-10dB响应:75HZ-20KHZ\n功率处理（瓦）:600W/1200W/2400W\n峰值声压:127DB\n最大峰值SPL:133DB\n分散度（HxV）70*60\n阻抗：8欧","只",2,4880,9760,null,"原装进口\n可提供进口报关单"]
[null,"High end级12寸音箱","P.AUDIO","KP-12P","类型:无源两分频低频反射\n低音扬声器尺寸：12寸\n低音扬声器音圈：3寸\n高频尺寸：1.5寸钕压缩驱动器\n高频音圈：1.5寸\n箱体设计：高质量耐磨聚合木材\n手柄：无\n杆式安装:底部插孔\n重量：22kg\n尺寸（高x宽x深）600*360*410\n灵敏度（1W/1m）（分贝）：98DB\n-3db响应：45HZ-20KHZ\n-10dB响应:80HZ-20KHZ\n功率处理（瓦）:500W/1000W/2000W\n峰值声压:125DB\n最大峰值SPL:131DB\n分散度（HxV）70*60\n阻抗：8欧","只",4,3985,15940,null,"原装进口\n可提供进口报关单"]
[null,"High end级18寸低音音箱","P.AUDIO","KP-18SUB","类型:无源两分频低频反射\n低音扬声器尺寸：18寸\n低音扬声器音圈：4寸\n\n箱体设计：高质量耐磨聚合木材\n手柄：2\n杆式安装:M20\n重量：46kg\n尺寸（高x宽x深）600*530*610\n灵敏度（1W/1m）（分贝）：94DB\n-3db响应：50HZ-250HZ\n-10dB响应:40HZ-250HZ\n功率处理（瓦）:600W/1200W/2400W\n峰值声压:122DB\n最大峰值SPL:135DB\n分散度（HxV）无指向性\n阻抗：8欧","只",2,4350,8700,null,"原装进口\n可提供进口报关单"]
[null,"2*1380W Hifi级功放","P.AUDIO","ID1400","高音质，高性能和紧凑的尺寸不再是冲突的功能！P.AUDIO ID系列蜂窝动态驱动使之成为可能。ID系列由于其非常高的性能，创新的技术决定了它们吸引人的声音特性，使低音听起来非常动态和自然。\n\n蜂窝动态驱动是一种旨在提高放大器动态性和效率的技术。一个特殊的处理器加上一个高速的ID转换器可以产生非常高的效率，其范围在80%以上。不同之处在于，输出信号中不存在由切换过程引起的故障以及由此产生的失真。\n\n蜂窝动态驱动是一种在高性能动态下提高音质的技术。在ID端点中使用具有最佳SOA限制值的功率，并且显著降低了粘着系数，这就是为什么最后一级会有清晰、高分辨率的高保真声音。\n\nID有许多保护电路，防止变形和损坏，确保安全运行。\n\n额定功率RMS：(8Ω)2×1380W；\n额定功率RMS：(4Ω)：2×2760W；\n额定功率（桥接）：(8Ω)：3660W；\n输出接口：Speakon and Binding\n频响：20Hz-20kHz, ±0.5dB；\n输入灵敏度:0.77V/1.4V/26dB；\n信噪比：≥95dB；\n失真度（THD）：≤0.03%；\n阻尼系数：（f=1KHz 8Ω）＞240；\n转换速率：15V/uS；\n保护：Soft Start,Short Circuit,Limiter,DC Fault,AC Line Fuse,Thermal Cut\n冷却系统：Two steps speed fan\n电源：AC:220-230V，50Hz/60Hz\n净重：14.8Kg；\n尺寸(WxDxH)：482x377.5×88mm","台",2,4960,9920,null,"原装进口\n可提供进口报关单"]
[null,"2*1080W Hifi级功放","P.AUDIO","ID1100","高音质，高性能和紧凑的尺寸不再是冲突的功能！P.AUDIO ID系列蜂窝动态驱动使之成为可能。ID系列由于其非常高的性能，创新的技术决定了它们吸引人的声音特性，使低音听起来非常动态和自然。\n\n蜂窝动态驱动是一种旨在提高放大器动态性和效率的技术。一个特殊的处理器加上一个高速的ID转换器可以产生非常高的效率，其范围在80%以上。不同之处在于，输出信号中不存在由切换过程引起的故障以及由此产生的失真。\n\n蜂窝动态驱动是一种在高性能动态下提高音质的技术。在ID端点中使用具有最佳SOA限制值的功率，并且显著降低了粘着系数，这就是为什么最后一级会有清晰、高分辨率的高保真声音。\n\nID有许多保护电路，防止变形和损坏，确保安全运行。\n\n额定功率RMS：(8Ω)2×1080W；\n额定功率RMS：(4Ω)：2×2160W；\n额定功率（桥接）：(8Ω)：2960W；\n输出接口：Speakon and Binding\n频响：20Hz-20kHz, ±0.5dB；\n输入灵敏度:0.77V/1.4V/26dB；\n信噪比：≥95dB；\n失真度（THD）：≤0.03%；\n阻尼系数：（f=1KHz 8Ω）＞240；\n转换速率：15V/uS；\n保护：Soft Start,Short Circuit,Limiter,DC Fault,AC Line Fuse,Thermal Cut\n冷却系统：Two steps speed fan\n电源：AC:220-230V，50Hz/60Hz\n净重：13.5Kg；\n尺寸(WxDxH)：482x377.5×88mm","台",2,4250,8500,null,"原装进口\n可提供进口报关单"]
[null,"4进8出数字音频处理器","P.AUDIO","PA480","系统特性：\n全新的PA系列处理器，采用DSP内部处理、高端的工作室级模拟电路和主控级压缩器设计，为扬声器处理设计树立了新的标杆。D/A转换采用了PaGrade技术，增强了脉冲响应以获得准确的低音响应。\nPA系列处理器一款具有卓越音频性能的产品，并提供了功能强大、直观的界面。配套P.AUDIO ID系列蜂窝动态驱动技术的Hifi级放大器，可获得最佳音质！\n\n系统参数：\n•4路XLR输入，8路XLR输出。\n•强大的处理功能，包括32 bit DSP芯片处理，48kHz采样率，24 bit AD/DA转换。\n•强大的输入处理部分功能，包括增益，噪声门，静音，相位，连动调节等。\n•强大的输出处理部分功能，包含分频，7个参量均衡，增益，静音，压缩/限幅器，相位，延时，连动调节等。\n•输入/输出通道的PEQ增益、带宽、频率连续全部可调，有以下类型可选择: 参量均衡、低架滤波、高架滤波、低切滤波、高架滤波、移相1阶、移相2阶。\n•输入输出通道之间可以自由进行矩阵式配置，每个通道名称可以更改。\n•输出通道配置独立的相位曲线调整能力，PEQ类型选择移相1阶会导致180度曲线调整，移相2阶会导致360度曲线调整。\n•分频器的类型可选择：Butterworth, Link witz-Riley, Bessel ，斜率在-6dB/Oct至-24dB/Oct可选。\n•输出通道的压缩/限幅器阀值，比率，软拐点，启动时间，恢复时间连续可调。\n•输出通道的延时模块具有高达680ms的延时时间。\n•所有通道之间参数设置可以自由复制，以及任意通道可以进行连动调节。\n•输出通道可看到当前所有输出通道的PEQ曲线调整图。\n•内部设有测试信号发生器，输出方式可选粉红噪声，白噪声及20Hz-20kHz正弦波可调，信号幅度可调。\n•30个用户预设，整机状态和每个预设都可以单独存储和调用。具有密码保护功能，使设备更安全。\n\n \n系统规格\n频率响应：20Hz-20kHz,-0.3dB\n动态范围 ：>110dBu\n失真度：<0.005% at 1kHz（0dBu）\n串音：>70dBu，20Hz-20kHz\n共模拟制比：>75dBu 1KHz\n输入类型：平衡式XLR连接\n输入最大电平：+15dBu\n阻抗：1MΩ/stereo; 500KΩ/Mono\n输出类型：平衡式XLR连接\n最大输出电平：+15dBu\n阻抗：<500Ω\n数字处理部分：24bit sigma-delta A/D、D/A转换，32 bit DSP，48kHz采样率\n显示屏：彩色LCD屏显示当前参数及所有设置\n前面板：带有输入输出电平指示灯、 USB控制端口\n后面板：RS232控制端口\n电源 ：AC 95V-250V  50/60Hz\n尺寸(WxDxH)：482*205*44mm","台",1,5758,5758,null,"原装进口\n可提供进口报关单"]
[null,"16路紧凑型数字调音台","DIGIMIX","FLEX 16","16路高性能模拟麦克风输入，包含4个Combo输入\n16段高精度主输出电平表，监听和主输出自动切换\n9个100mm行程的优质电动滑杆电位器\n8个可自定义的平衡输出口\n6个内置效果器模块，2个调制，2个延时和2个混响\n4个单声道AUX总线，4个立体声GROUP总线,主输出L/R和立体声监听耳机\n2个31段图示均衡器\n2个 USB支持播放、录音、系统更新、及场景导入导出\n10.1寸1280X800像素高清IPS触摸屏\n1个 静音编组，全部静音和静音编组两种模式可切换\n1个 扩展插槽，可选配USB.DANTE和AES/EBU等多种模块\nEQ和压限器自带库功能，出厂自带常规乐器参数库\nRS232支持中控系统接入\n支持IPAD远程遥控\n支持MP3,AAC,WAV,FLAC,APE等格式的音源播放\n启动时间短，25秒可开机\n开关机无冲击声\n自定义层功能\n通道LINK功能\n侧链功能\n低音分频功能\n推子防尘设计\n电源防松脱设计\n消耗功率：50w\n尺寸：D*W*H:504*379*136mm\n净重：6.6kg，毛重9kg","台",1,5860,5860]
[null,"单通道无线手持系统（心形动圈无线手持话筒）","NADY","U-1100 HT","U-1100 HT无线手持系统包含1台U-1100单通道无线接收机，1只HT-1100心形手持式发射机。\n\nU-1100系统介绍：\nU-1100（单发射机）是每个发射机可选择100个信道的UHF无线系统，对于说话和唱歌应用来说同样理想，而且由于许多功能和具有竞争力的价格，已成为纳迪更受欢迎的系统之一。U-1100/2100具有用户友好的功能，例如：ASC下载功能可轻松设置，向每个发射机发送选定的频道信息；120分贝动态范围的清晰透明音频；高达500英尺（视线范围）的操作；复杂的中频滤波，可在相同的位置都包括在一个坚固的ABS外壳。把U-1100/2100带到任何你需要的地方，在舞台上或舞台上体验原始的音频。\n\nU-1100单通道无线接收机主要性能：\n\n无与伦比的最先进的PLL超高频性能，120dB动态范围和操作，高达500英尺（视线范围）\n•每个频带100 UHF频率\n•频率自动扫描，快速、方便地找到清晰的频道或用户可选择的预设\n通道，所选通道存储在存储器中，以供以后使用\n•ASC™（自动同步频道）下载功能通过红外发送器将选定的频道信息发送到发射机，以便于频率同步\n•复杂的中频滤波，可在同一位置同时运行多个系统\n•后面板可拆卸旋转BNC天线\n•前面板触摸控制按钮，方便频道选择和ASC™操作\n•全前面板LCD显示器（带背光），包括选择的频道、射频/音频条形图，\n扫描和红外、A和B通道的LED TX-ON、上/下设置按钮、电源开/关开关和音量控制\n•后面板，平衡卡侬固定话筒音量和可调不平衡1/4“插孔音频线路音量\n和输出；静噪（射频静音）调整；直流输入插孔，天线插孔。\n•外部供电，包括110V-220V AC/13.5 VDC 400毫安适配器\n•坚固耐用的全ABS塑料外壳，经久耐用\n•发射机选择：U-1100HT手持式话筒或U-1100LT腰包式领夹式（LT）、Headmic™（HM）或U-1100GT乐器（GT）\n•可选RMT-1KUD可用于机架安装单或双U-1100/2100接收器\n\nHT-1100心形手持式发射机主要性能：\n\n•打开/关闭电源和静音的触摸按钮允许在发射器打开的情况下进行方便的音频静音\n•液晶显示器（带背光），包括选择的频道和频率、电池电量状态\n•带上/下嵌入式按钮的手动可选频道，或带RX选定频道和频率的ASC同步\n•使用两节AA碱性或镍氢电池，操作方便、经济\n具有单向钕动态盒，以获得最佳真声、最大反馈抑制和最小处理噪声。\n•光滑外壳，内置天线，经久耐用，美观大方\n\nU-1100单通道无线接收机参数：\n\n系统接收器：双转换超外差\n选择性：60dB，正常值±75 kHz偏移\n图像抑制：-70dB，最小灵敏度，107dBm，正常杂散抑制65dB，正常\n静音阈值：可调（-65dBm至-95dBm）\n控件：组/频道/自动扫描、红外ASC同步按钮、电源开/关、开关、静音音量壶、音量壶\nLCD/LED显示器：两位LCD面板，指示所选频道；RF/AF条形图指示器，电池电量，TX通道A和B LED指示器\n音频输出：线路输出不平衡，可调线路音频输出；麦克风输出平衡，固定麦克风电平音频输出\n输出阻抗：不平衡，1k.937，平衡；600。\n功率要求：13.5VDC/0.4A\n天线：双可拆卸旋转BNCantenna\n尺寸：8“宽x 6”深x 1.25“高（20.4cm x 15.3cm x 3.2cm）\n重量：556.8 g\n外壳：ABS塑料\n\nHT-1100心形手持式发射机参数：\n\n射频输出功率：+14dBm（典型25mW）/50Ω\n谐波/杂散发射：-50dBc正常\n输入阻抗：10kΩ\n控制：关闭/打开电源，静音\nLCD/LED显示：频道/频率、电池状态、静音LED\n天线类型：整体式\n电池类型：2 x AA碱性电池或镍氢电池\n电池寿命：一般8-10小时，碱性\n尺寸：9.5“长x 1.5”深（24.1cm x 5.1cm）\n重量（不含电池）：323.5g\n外壳：ABS塑料\n\n包装信息\n包装重量：2.3磅\n箱体尺寸（长x宽x高）：14 x 12 x 2.9cm","套",4,1830,7320,null,"原装进口\n可提供进口报关单"]
[null,"单通道无线头戴系统（全向微型头戴话筒）","NADY","U-1100/HM-3","U-1100/HM-3无线头戴系统包含1台U-1100单通道无线接收机，1只U-1100LT腰包式发射机，1只HM-3全向形微型头戴话筒。\n\nU-1100系统介绍：\nU-1100（单发射机）是每个发射机可选择100个信道的UHF无线系统，对于说话和唱歌应用来说同样理想，而且由于许多功能和具有竞争力的价格，已成为纳迪更受欢迎的系统之一。U-1100/2100具有用户友好的功能，例如：ASC下载功能可轻松设置，向每个发射机发送选定的频道信息；120分贝动态范围的清晰透明音频；高达500英尺（视线范围）的操作；复杂的中频滤波，可在相同的位置都包括在一个坚固的ABS外壳。把U-1100/2100带到任何你需要的地方，在舞台上或舞台上体验原始的音频。\n\nU-1100单通道无线接收机主要性能：\n\n无与伦比的最先进的PLL超高频性能，120dB动态范围和操作，高达500英尺（视线范围）\n•每个频带100 UHF频率\n•频率自动扫描，快速、方便地找到清晰的频道或用户可选择的预设\n通道，所选通道存储在存储器中，以供以后使用\n•ASC™（自动同步频道）下载功能通过红外发送器将选定的频道信息发送到发射机，以便于频率同步\n•复杂的中频滤波，可在同一位置同时运行多个系统\n•后面板可拆卸旋转BNC天线\n•前面板触摸控制按钮，方便频道选择和ASC™操作\n•全前面板LCD显示器（带背光），包括选择的频道、射频/音频条形图，\n扫描和红外、A和B通道的LED TX-ON、上/下设置按钮、电源开/关开关和音量控制\n•后面板，平衡卡侬固定话筒音量和可调不平衡1/4“插孔音频线路音量\n和输出；静噪（射频静音）调整；直流输入插孔，天线插孔。\n•外部供电，包括110V-220V AC/13.5 VDC 400毫安适配器\n•坚固耐用的全ABS塑料外壳，经久耐用\n•发射机选择：U-1100HT手持式话筒或U-1100LT腰包式领夹式（LT）、Headmic™（HM）或U-1100GT乐器（GT）\n•可选RMT-1KUD可用于机架安装单或双U-1100/2100接收器\n\nU-1100LT腰包式发射机主要性能：\n\n•滑动电源开关关闭/静音/打开，允许在发射器打开的情况下方便地进行音频静音\n•LCD显示器（带背光），包括选择的频道和频率、电池电量状态\n•带上/下凹口按钮的手动可选频道，或带RX选定频道和频率的ASC同步\n•输入电平电位计（仅限U-1100LT/HM）\n•使用两节AA碱性或镍氢电池，操作方便、经济\n•小巧的外壳、耐用的外部连接天线和独特的锁定式3.5毫米微型插头，用于仪表电缆或麦克风插头\n\nU-1100单通道无线接收机参数：\n\n系统接收器：双转换超外差\n选择性：60dB，正常值±75 kHz偏移\n图像抑制：-70dB，最小灵敏度，107dBm，正常杂散抑制65dB，正常\n静音阈值：可调（-65dBm至-95dBm）\n控件：组/频道/自动扫描、红外ASC同步按钮、电源开/关、开关、静音音量壶、音量壶\nLCD/LED显示器：两位LCD面板，指示所选频道；RF/AF条形图指示器，电池电量，TX通道A和B LED指示器\n音频输出：线路输出不平衡，可调线路音频输出；麦克风输出平衡，固定麦克风电平音频输出\n输出阻抗：不平衡，1k.937，平衡；600。\n功率要求：13.5VDC/0.4A\n天线：双可拆卸旋转BNCantenna\n尺寸：8“宽x 6”深x 1.25“高（20.4cm x 15.3cm x 3.2cm）\n重量：556.8 g\n外壳：ABS塑料\n\nU-1100LT腰包式发射机参数\n\n14RF输出功率：+14dBm（典型25mW）/50Ω\n谐波/杂散发射：-50dBc正常\n输入阻抗：5kΩ（领夹式）；500kΩ（仪器）\n控制：关闭/打开电源，静音\n输入接口：锁定3.5mm微型插孔\nLCD/LED显示：频道/频率、电池状态、静音LED\n天线类型：外接\n电池类型：2 x AA碱性电池或镍氢电池\n电池寿命：一般8-10小时，碱性\n尺寸：2.5“宽x 0.75”高x 4.2“深（6.35cm x 1.9cm x 10.7cm）\n重量（不含电池）：80.87克\n外壳：ABS塑料\n\nHM-3头戴式话筒参数：\n指向性：全向\n频率响应：100赫兹至13千赫\n灵敏度：-40分贝±3分贝（1千赫，74分贝声压级）\n阻抗2.2千欧：1千赫时为±30%\n电缆长度43“（1.1 m）\n耳机尺寸：5.66英寸（144毫米）\n最宽点标称值：4.50”（114 mm）\n柔性臂：直径0.155英寸（3.9毫米）\n重量1.10盎司（30.8克），带电缆\n\n包装信息\n包装重量：2.3磅\n箱体尺寸（长x宽x高）：14 x 12 x 2.9cm","套",2,1945,3890,null,"原装进口\n可提供进口报关单"]
[null,"8路电源时序器","YYAUDIO","NPW80","电力输入条件(单相3线)：AC90-260V 50-60HZ两相（三线：零，火，地）\n通道数量：8路万用插座继电器受控与2路万用插座直接输出\n继电器受控输出最大承受单路功率/总功率(无功功率）：1500W/5000W最大承受无功功率\n输出电源插座规格：阻燃ABS材料，最大可承受13A电流磷铜材质，标准万用插座\n功能特点：1.顺序开启逆序关闭 2.PASS键可全通道同时打开 3.精准电压显示\n每路开关间隔时间/定时时间：1秒\n输出继电器触点电流：30A 277VAC\n电路板规格：双面纤维板，主电源走线二次加厚加粗处理\n供电规格：内置开关电源，适用全球电压AC90-260V 50-60HZ\n主电缆线规格：3*4平方电缆线，总长度为1.2米（无配电源输入插头）\n开启类型：方船型开关\n单路独立开关功能：不支持面板独立控制\n功能显示电压显示表类型：红色数码管显示电压表\n叠机级联功能：有（可选配）\n机身尺寸：长480MM * 宽185MM * 高48MM（非标准1U）\n单机包装尺寸：长510MM * 宽260MM * 高10MM(美牛硬纸盒）\n数量总重量与外包装尺寸：1件5台装共19KG，外包装尺寸：长530MM * 宽280MM * 高550MM\n总重量（含包装）：3.8KG","台",1,580,580]
[null,"音响壁挂架","配套","配套","配套","套",6,80,480]
[null,"设备机柜",{"$nulls":7},"现场自备"]
[null,"辅材",null,null,"过机线/插接件/卡龙头/音响头等",{"$nulls":4},"现场自备"]
[null,"线材",null,null,"2.0标准音响线",{"$nulls":4},"现场自备"]
["B、一楼宴会厅灯光设备"]
[1,"10R 纯光束","KELEK","KR-280N","7R/10R摇头光束灯                                                               \n工作电压：AC110V～240V                                                                                     频率50/60HZ                                                                                                              功率：350W/380W/400W                                                                                     灯泡：5R/7R/10R 200W/230W/280W                                                                频闪：1-13次/秒                                                                                                      色温：6000K                                                                                                             颜色：14色+白光及彩虹效果，电子定位                                                          图案：17个图案+白光及流水效果，图案电动线性对焦，电子定位          扫描：水平450度，垂直265度                                                                             效果：可由光束转为雾化效果                                                                              棱镜：一个八棱镜，可正反转自转抖动                                                            安全保护；当机体过热或系统出现故障时自动切断电源                              信号控制：DMX512国际信号                                                                               通道数：16个DMX通道","台",8,2930,23440]
[2,"10R图案光束柔光3合1","KELEK","KR-280NBSW","工作电压：AC110V~240V，50/60HZ\n功率：400W  450W\n灯泡：10R：280W\n频闪：1-10次/秒\n色温：8000K\n颜色：14个颜色+白光孔及彩虹效果\n固定图案盘：16个图案+白孔\n旋转图案盘：7个图案+白光孔\n扫描：水平540度，垂直270度，采用光电复位纠错\n效果：不开放大镜可出光束效果，打开放大镜可出图案效果\n棱镜：1个双层棱镜，1个9棱镜\n图案光束角度：不开放大镜4.3°, 开放大镜11.4°\n雾化角度：28°\n安全保护：当机体过热或系统出现故障时自动切断电源\n控制模式：DMX512/主从/自动\n通道数：18个DMX通道","台",8,3260,26080]
[3,"COB面光灯2合1","KELEK","KR-COB5002","工作电压：AC110V-240V，50/60HZ                                  \n 额定功率：100W                                                                  \n灯珠功率：50W纯白+50W暖白                                         \n灯珠数量：1颗                                                                      \n频闪：0-20HZ                                                                           \n调光：标准模式+4种调光曲线                                          \n出光角度： 60 度，可加挡光板改变角度                           \n散热：风扇温控启动                                                             \n噪音：1.5米外同环境噪音                                                  \n控制信号：DMX512                                                            \n 控制通道：5CH/2CH                                                              \n操作模式：DMX512、手动                                                  \n 净重：1.5KG","台",10,385.00000000000006,{"v":3850.0000000000005,"d":"3850"}]
[4,"LED 帕灯","KELEK","KR-P1018H","工作电压：AC110V-240V                                                                频率：50/60HZ                                                                             额定总功率：200W                                                                        灯珠功率：10W                                                                                 灯珠数量：18颗（6合1）                                                             出光角度： 25度40度可选                                                              控制信号：DMX512                                                                         控制通道：11CH或7CH（可切换）                                                   操作模式：DMX512、手动、自走、声控                                        净重：2.8KG                                                                                       灯体尺寸：31*26*11cm","台",20,462.00000000000006,{"v":9240.000000000002,"d":"9240"}]
[5,"500W薄雾机","KELEK","BT-Z500X","功率：500W\n电压：220V-250V 50~60HZ\n控制：DMX 512\n尺寸：590×450×400mm\n重量：33.2Kg\n功能：无需预热工作开机\n烟油容量：3.2公升\n","台",2,3750,7500]
[6,"LED追光灯","KELEK","KS-016A","电压:AC110V-240V 50Hz/60Hz\n耗电功率:330W\n灯泡规格:LED 灯珠\n颜 色:一个转轮6颜色（1个彩色图案，5个纯色）\n控制信号:自配信号 旋钮控制\n控制模式:单机模式\nLOGO图案可自定义（需另行收费）\n散热系统:高强度风冷\n光圈效果:光圈大小可调\n色温校正:正常5600k,调高6000K,调低3200K\n光速距离: 照射15到50米\n光速角度:23度\n换色、光圈大小、频闪等功能可用按键控制。追光人工\n 控制。适用于小型的娱乐场所演出及小型户内户外婚庆\n 活动使用。非球面制作 4道光路 光圈清晰。","台",1,3600,3600]
[7,"金刚1024","KELEK","PEL-1024","DMX512/1990标准，最大1024个DMX控制通道，\n光电隔离信号输出。\n最大控制96台电脑灯或96路调光，使用珍珠灯库。\n内置图形轨迹发生器，有135个内置图形，方便用户\n对电脑灯进行图形轨迹控制，如画圆、螺旋、彩虹、\n追逐等多种效果。图形参数（如：振幅、速度、间隔、\n波浪、方向）均可独立设置。\n60个重演场景，用于储存多步场景和单步场景。\n多步场景最多可储存600步。\n带背光的LCD显示屏，中英文显示\n关机数据保持。U盘备份和升级。\n专业鹅颈工作灯，适合室内外演出使用。（选配）\n电源：AC 100- 240V / 50-60Hz。\n尺寸：485x420x105mm","台",1,3300,3300]
[8,"8路光电隔离信号放大器","KELEK","PEL-K18G","采用最新光电隔离技术，达到国际先进水平，输入输出每路都是采用独立的变压器供电，八个光电隔离信号放大来扩大DMX信号输出 ，放大功能可以令连接延长超过标准的DMX512长度. 外观设计轻便，结构坚固，减少问题再发生.是舞台电脑灯，LED灯，灯控台的最佳搭档。\n本放大器专业应用于剧场，剧院，演播厅，电视台，流动演出团体。\n二. 技术参数\n1.输入电源：AC110V—240V，频率50Hz-60Hz.\n2.输入信号接口：国际标准DMX512信号，三芯镀金瑞士进口纽曲克卡侬公座母座并接.\n3. 输出信号接口采用三芯镀金瑞士进口纽曲克卡侬母座.","台",2,590,1180]
[9,"12路4KW数字硅箱","KELEK","PEL-124KS","(1) 供电：三相五线制AC380V±10％，频率50Hz±5％.\n(2) 信号接口：数字双DMX-512(1990).\n(3) 额定功率：12路×4KW. 每个回路最大输出功率可达4kW.\n(4) 外形尺寸(mm):L515×W485×H133 ，单机重量:18KG.\n产品说明：\n1. 硅箱的核心器件可控硅芯片采用德国原装进口材料，性能稳定可靠.\n2. 良好的散热装置和强制风冷与智能环保控制系统相结合.\n3. 高效的抗干扰扼流圈抗干扰能力极强,噪音\n小,电流上升时间220us-450us.\n4. 每路输出4kW，一共12路，起始回路设定，预热值设定.","台",2,2700,5400]
[11,"信号线",null,null,"卡农口、音箱口","米",500,0,0,"自备"]
[12,"辅材",null,null,"灯钩保险绳","批",1,0,0,"自备"]
["合计（含税，不含运费，不含安装调试费）",{"$nulls":7},160298]

{"sheet":"一楼会议室","index":1,"n_rows":29,"n_cols":10,"rows_kept":29,"merged":[[0,0,0,5],[0,6,0,9],[2,0,2,9],[15,0,15,5],[28,0,28,7]],"flags":["formulas_cached_only"]}
["6.16池州开元大酒店报价单"]
["序号","设备名称","品牌","型号","技术参数","单位","数量","单价（元）","小计（元）","类似图"]
["A,一楼会议室一音响设备"]
[1,"8x3\"+1x1.75\"线性阵列音箱","EVH AUDIO","HFA903","产品概述：\n设计用于中小型视频会议室、数字法庭、会议中心、报告厅、阶梯教室等语言类扩声系统，教堂、博物馆、交通枢纽、广场公共区域等各种建筑空间的背景音乐系统。\n功能特点：\n拥有精准的波束投射指向技术，具备特有的声学性能优势。\n为应用波束可控导向技术的场合提供一种在性能和价格之间取得平衡特性的音响产品。\n高性能的阵列声柱能够为一些在语言和音乐听感空间存在自然混响系数高、有回声、有建筑障碍的复杂环境中作出良好的扩声。\n拥有精准20度的垂直扩散角度，声音通过梳状耦合原理实现线性式广播，8个特制的3寸钕磁单元结合1个1.75寸高性能的钕金属高频单元，使该款阵列声柱拥有均匀而对称的160度水平扩散角度。\n特别适合在中远距离扩声范围的环境中使用，在各种室内建筑空间，亦可与CLP304B阵列声柱一起搭配使用。\n技术参数：\n单元规格：8x3\"+1x1.75\"；\n频响范围：70Hz~20kHz；\n阻抗：4Ω；\n额定功率：300W；\n最大承载功率：1200W；\n灵敏度(1W/1m) ：100dB；\n最大SPL（1W/1m）：128dB；\n扩散角度（-6dB）：垂直>20°，水平>160°；\n箱体材质：铝质；\n箱体颜色：黑色；\n铁网颜色：黑色；\n铁网孔型：圆孔；\n吊装方式：壁架；\n连接方式：1个NL4插座(+1/-1)+1个栅栏接线端子；\n尺寸（高x宽x深）：828x94x117mm；\n产品净重：4.76kg；\n包装重量：5.59kg；","只",2,2930,5860]
[2,"4*3寸线性阵列音箱","EVH AUDIO","HFA403","产品概述：\n设计用于中小型视频会议室、数字法庭、会议中心、报告厅、阶梯教室等语言类扩声系统，教堂、博物馆、交通枢纽、广场公共区域等各种建筑空间的背景音乐系统。\n解决传统会议室扬声器体积过大，壁挂在墙上而不美观的问题。\n通过线阵列声柱扬声器中的恒定波束技术，解决传统会议室扬声器投射与干扰的难题。\n声音表现方面对人声的语言类扩声非常优异。\n功能特点：\n阵列声柱扬声器采用流线型设计，外形美观实用，适合各种建筑空间扩声，音质优美动听。\n声柱扬声器采用ABS塑料混合玻璃纤维强化箱体，坚固耐用。\n前方的圆形波导孔与箱体后方的阻尼口形成一个独特的低频心型扩散，高音清脆悦耳，音色表现自然厚实，低音饱满。\n内置保护装置及陷波器。\n采用4只3寸高性能钕铁硼磁铁驱动单元，音乐各种元素表现的淋漓尽致，音色表现细腻。\nUV防水浸涂漆，IPx4防水级别，室内、外均可安装（选配）。\nUL94V-0阻燃级别材料（选配）。\n铝制网罩，防锈箱体。\n可选配智能安装配件，具有水平仪装置、快拆把手装置、防震橡胶垫。\n技术参数：\n驱动单元：4x3\"；\n锥盆材料：纸浆涂层；\n阻抗：8Ω；\n额定功率：120W（480W，PEAK）；\nSPL（1W/1m）：96dB； \n最大SPL（1W/1m）：124dB；\n频率响应：150Hz~14kHz，-6dB；80Hz~18kHz，-10dB；\n外壳材料：ABS塑料+玻璃纤维；\n网罩材料：铝；\n扩散角度（-6dB）：垂直>20°，水平>120°；\n安装孔：10个M6；\n安装系统：智能安装支架/嵌入式安装支架；\n颜色：黑色/白色；\n尺寸（高×宽×深）：530x100x150mm；\n产品净重：3.80kg；\n包装重量：5.08kg；","只",2,1590,3180]
[3,"2*700W功放","EVH AUDIO","Vortex 700D","•采用优质环行变压器供电，优质大容量电解电容滤波，整机静态功耗低，动态能量充沛\n•电路采用经典脉冲宽度调制放大电路，效率高达90﹪，元器件均按照HIFI级标准选型，使声音表现更加完美\n•采用先进的自动增益控制（AGC）技术，保证音频信号始终为高保真放大，并能有效保护功放与扬声器免受削波失真伤害\n•拥有完善的保护电路：开机软启动，欠压，过压，过热，过载，过流，直流保护\n\n额定功率RMS：(8Ω)2×700W；\n额定功率RMS：(4Ω)：2×1050W；\n频响：20Hz-20kHz, -0.5dB；\n输入灵敏度:0.77V/1.4V/26dB；\n信噪比≥95dB，失真度（THD）≤0.03%；阻尼系数（f=1KHz 8Ω）＞240；转换速率：15V/uS；净重11.5Kg，机箱厚度2U；\n整机静态功耗低，动态能量充沛；具备开机软启动，欠压，过压，过热，过载，过流，直流保护等特性","台","1",2438,2438]
[4,"2*350W功放","EVH AUDIO","Vortex 300D","•采用优质环行变压器供电，优质大容量电解电容滤波，整机静态功耗低，动态能量充沛\n•电路采用经典脉冲宽度调制放大电路，效率高达90﹪，元器件均按照HIFI级标准选型，使声音表现更加完美\n•采用先进的自动增益控制（AGC）技术，保证音频信号始终为高保真放大，并能有效保护功放与扬声器免受削波失真伤害\n•拥有完善的保护电路：开机软启动，欠压，过压，过热，过载，过流，直流保护\n\n额定功率RMS：(8Ω)2×350W；\n额定功率RMS：(4Ω)：2×530W；\n频响：20Hz-20kHz, ±0.5dB；\n输入灵敏度:0.77V/1.4V/26dB；\n信噪比≥95dB，失真度（THD）≤0.03%；\n阻尼系数（f=1KHz 8Ω）＞240；\n转换速率：15V/uS；\n净重11.5Kg，\n机箱厚度2U；","台",1,1680,1680]
[5,"16路紧凑型数字调音台","DIGIMIX","FLEX 16","16路高性能模拟麦克风输入，包含4个Combo输入\n16段高精度主输出电平表，监听和主输出自动切换\n9个100mm行程的优质电动滑杆电位器\n8个可自定义的平衡输出口\n6个内置效果器模块，2个调制，2个延时和2个混响\n4个单声道AUX总线，4个立体声GROUP总线,主输出L/R和立体声监听耳机\n2个31段图示均衡器\n2个 USB支持播放、录音、系统更新、及场景导入导出\n10.1寸1280X800像素高清IPS触摸屏\n1个 静音编组，全部静音和静音编组两种模式可切换\n1个 扩展插槽，可选配USB.DANTE和AES/EBU等多种模块\nEQ和压限器自带库功能，出厂自带常规乐器参数库\nRS232支持中控系统接入\n支持IPAD远程遥控\n支持MP3,AAC,WAV,FLAC,APE等格式的音源播放\n启动时间短，25秒可开机\n开关机无冲击声\n自定义层功能\n通道LINK功能\n侧链功能\n低音分频功能\n推子防尘设计\n电源防松脱设计\n消耗功率：50w\n尺寸：D*W*H:504*379*136mm\n净重：6.6kg，毛重9kg","台",1,5860,5860]
[6,"一拖二无线手持话筒","COEFMIC","VO8012C","立体式金属面板，高档、大气、最时尚的电子音量数字显示，左右声音一致性强，操作简便，红外线自动对频、具有导频功能。高保真声音传输电路，确保声音的清晰度和还原性，配专用咪芯，唱歌轻松。手持采用目前最先进的升压电路，有效延长了电池的使用时间在8-12小时，可根据客户要求做成人性化待机功能，手持静止不用8秒后自动静音，省电模式，10分钟后自动关机。（待机时间长短可按客户要求定制）。接收机：频率振荡方式：PLL锁相环回路，通道组数：双通道，功能显示方式：LCD/LED,射频范围： 600-980MHz 调制方式：Fm调频，可用带宽：每通道50MHz 信道数目:200-300通道， 频率稳定性： ±0.005%PLL锁相回路频率控制， 动态范围：＞110dB 峰值频偏：±45KHz 音频响应： 60Hz-18KHz(±3dB) 综合信噪比：＞105dB 综合失真： ＜0.5% 供电：100-240V AC50/60Hz 10W，发射机: 频率范围:600-980MHZ 频带宽度:50MHZ 谐波抑制:>55dBc 最大频偏:+_48KHZ 频率响应:50Hz-15KHz(-3dB) 信噪比:>105dB(A) 失真度:<1% 电池要求:AA型1.5Vx2碱性电池","套",1,956,956]
[7,"一拖四无线会议话筒","COEFMIC","KS-960","1.综合性能  2.固定式接收机  3.发射麦克风\n载波频率:UHF640-840MHZ  使用电源电压：DC15-18V  发射功率：+8dBm-+12dBm\n频率稳定性：〈±20ppm  消耗功率：5 WATER  调制方式：FM，F3F\n动态范围：〉95dB  信噪比：〉95dB  最大调制度：±40KHZ\n谐波失真：〈 0.5%  假象干扰比：〉85dB  频率调节方式：红外对频\n频率响应：50HZ-18KHZ±3dB  邻道干扰比：〉85dB  使用电源电压：1.5V电池2节\n\n音频输出：平衡式:0-700mV混合(6.3mm)式：0~300mV\n 接收灵敏度：〉5dBu(SINAD=20dB）  连续使用时间：10小时\n发射配件：  尺寸：420X210X43mm  电源启闭杂音:具有完美的开关杂音消除电路\n\n＊使用UHF640-840MHz频段，避免干扰。 \n＊接收机设有干净频道扫描功能，可以选出安全无干扰的频道。\n＊清晰的蓝光LCD屏显示信息，工作状态一目了然。\n＊采用红外线自动对频，方便快捷。\n＊采用音码（导频）及杂音锁定双重静噪控制，多机使用互不干扰，特别适合KTV等场合。\n＊设有200个频点自由选择，发射咪AB频道可以互用。\n＊采用音频压缩-扩展技术，噪声大大减少，动态范围加大。\n＊设有回输呼叫压低减弱功能，能有效的减少回输呼叫。\n＊接收机按键操作设有提示声音。\n＊接收机采用多级高频放大具有极高的灵敏性度。 \n＊接收机设有静噪调节功能，方便调节使用距离。\n＊具有平衡方式及不平衡方式音频输出。\n＊频率响应范围宽，超低失真度。 \n＊会议发射器有高低功率转换和锁定功能及电量显示。","台",1,2860,2860]
[8,"8路电源时序器","YYAUDIO","NPW80","电力输入条件(单相3线)：AC90-260V 50-60HZ两相（三线：零，火，地）\n通道数量：8路万用插座继电器受控与2路万用插座直接输出\n继电器受控输出最大承受单路功率/总功率(无功功率）：1500W/5000W最大承受无功功率\n输出电源插座规格：阻燃ABS材料，最大可承受13A电流磷铜材质，标准万用插座\n功能特点：1.顺序开启逆序关闭 2.PASS键可全通道同时打开 3.精准电压显示\n每路开关间隔时间/定时时间：1秒\n输出继电器触点电流：30A 277VAC\n电路板规格：双面纤维板，主电源走线二次加厚加粗处理\n供电规格：内置开关电源，适用全球电压AC90-260V 50-60HZ\n主电缆线规格：3*4平方电缆线，总长度为1.2米（无配电源输入插头）\n开启类型：方船型开关\n单路独立开关功能：不支持面板独立控制\n功能显示电压显示表类型：红色数码管显示电压表\n叠机级联功能：有（可选配）\n机身尺寸：长480MM * 宽185MM * 高48MM（非标准1U）\n单机包装尺寸：长510MM * 宽260MM * 高10MM(美牛硬纸盒）\n数量总重量与外包装尺寸：1件5台装共19KG，外包装尺寸：长530MM * 宽280MM * 高550MM\n总重量（含包装）：3.8KG","台",1,580,580]
[9,"音响壁挂架","配套","配套","配套","套",8,80,640]
[10,"设备机柜",{"$nulls":7},"现场自备"]
[11,"辅材",null,null,"过机线/插接件/卡龙头/音响头等",{"$nulls":4},"现场自备"]
[12,"线材",null,null,"2.0标准音响线",{"$nulls":4},"现场自备"]
["B、一楼会议室二音响设备"]
[1,"8x3\"+1x1.75\"线性阵列音箱","EVH AUDIO","HFA903","产品概述：\n设计用于中小型视频会议室、数字法庭、会议中心、报告厅、阶梯教室等语言类扩声系统，教堂、博物馆、交通枢纽、广场公共区域等各种建筑空间的背景音乐系统。\n功能特点：\n拥有精准的波束投射指向技术，具备特有的声学性能优势。\n为应用波束可控导向技术的场合提供一种在性能和价格之间取得平衡特性的音响产品。\n高性能的阵列声柱能够为一些在语言和音乐听感空间存在自然混响系数高、有回声、有建筑障碍的复杂环境中作出良好的扩声。\n拥有精准20度的垂直扩散角度，声音通过梳状耦合原理实现线性式广播，8个特制的3寸钕磁单元结合1个1.75寸高性能的钕金属高频单元，使该款阵列声柱拥有均匀而对称的160度水平扩散角度。\n特别适合在中远距离扩声范围的环境中使用，在各种室内建筑空间，亦可与CLP304B阵列声柱一起搭配使用。\n技术参数：\n单元规格：8x3\"+1x1.75\"；\n频响范围：70Hz~20kHz；\n阻抗：4Ω；\n额定功率：300W；\n最大承载功率：1200W；\n灵敏度(1W/1m) ：100dB；\n最大SPL（1W/1m）：128dB；\n扩散角度（-6dB）：垂直>20°，水平>160°；\n箱体材质：铝质；\n箱体颜色：黑色；\n铁网颜色：黑色；\n铁网孔型：圆孔；\n吊装方式：壁架；\n连接方式：1个NL4插座(+1/-1)+1个栅栏接线端子；\n尺寸（高x宽x深）：828x94x117mm；\n产品净重：4.76kg；\n包装重量：5.59kg；","只",2,2930,5860]
[2,"4*3寸线性阵列音箱","EVH AUDIO","HFA403","产品概述：\n设计用于中小型视频会议室、数字法庭、会议中心、报告厅、阶梯教室等语言类扩声系统，教堂、博物馆、交通枢纽、广场公共区域等各种建筑空间的背景音乐系统。\n解决传统会议室扬声器体积过大，壁挂在墙上而不美观的问题。\n通过线阵列声柱扬声器中的恒定波束技术，解决传统会议室扬声器投射与干扰的难题。\n声音表现方面对人声的语言类扩声非常优异。\n功能特点：\n阵列声柱扬声器采用流线型设计，外形美观实用，适合各种建筑空间扩声，音质优美动听。\n声柱扬声器采用ABS塑料混合玻璃纤维强化箱体，坚固耐用。\n前方的圆形波导孔与箱体后方的阻尼口形成一个独特的低频心型扩散，高音清脆悦耳，音色表现自然厚实，低音饱满。\n内置保护装置及陷波器。\n采用4只3寸高性能钕铁硼磁铁驱动单元，音乐各种元素表现的淋漓尽致，音色表现细腻。\nUV防水浸涂漆，IPx4防水级别，室内、外均可安装（选配）。\nUL94V-0阻燃级别材料（选配）。\n铝制网罩，防锈箱体。\n可选配智能安装配件，具有水平仪装置、快拆把手装置、防震橡胶垫。\n技术参数：\n驱动单元：4x3\"；\n锥盆材料：纸浆涂层；\n阻抗：8Ω；\n额定功率：120W（480W，PEAK）；\nSPL（1W/1m）：96dB； \n最大SPL（1W/1m）：124dB；\n频率响应：150Hz~14kHz，-6dB；80Hz~18kHz，-10dB；\n外壳材料：ABS塑料+玻璃纤维；\n网罩材料：铝；\n扩散角度（-6dB）：垂直>20°，水平>120°；\n安装孔：10个M6；\n安装系统：智能安装支架/嵌入式安装支架；\n颜色：黑色/白色；\n尺寸（高×宽×深）：530x100x150mm；\n产品净重：3.80kg；\n包装重量：5.08kg；","只",2,1590,3180]
[3,"2*700W功放","EVH AUDIO","Vortex 700D","•采用优质环行变压器供电，优质大容量电解电容滤波，整机静态功耗低，动态能量充沛\n•电路采用经典脉冲宽度调制放大电路，效率高达90﹪，元器件均按照HIFI级标准选型，使声音表现更加完美\n•采用先进的自动增益控制（AGC）技术，保证音频信号始终为高保真放大，并能有效保护功放与扬声器免受削波失真伤害\n•拥有完善的保护电路：开机软启动，欠压，过压，过热，过载，过流，直流保护\n\n额定功率RMS：(8Ω)2×700W；\n额定功率RMS：(4Ω)：2×1050W；\n频响：20Hz-20kHz, -0.5dB；\n输入灵敏度:0.77V/1.4V/26dB；\n信噪比≥95dB，失真度（THD）≤0.03%；阻尼系数（f=1KHz 8Ω）＞240；转换速率：15V/uS；净重11.5Kg，机箱厚度2U；\n整机静态功耗低，动态能量充沛；具备开机软启动，欠压，过压，过热，过载，过流，直流保护等特性","台",1,2438,2438]
[4,"2*350W功放","EVH AUDIO","Vortex 300D","•采用优质环行变压器供电，优质大容量电解电容滤波，整机静态功耗低，动态能量充沛\n•电路采用经典脉冲宽度调制放大电路，效率高达90﹪，元器件均按照HIFI级标准选型，使声音表现更加完美\n•采用先进的自动增益控制（AGC）技术，保证音频信号始终为高保真放大，并能有效保护功放与扬声器免受削波失真伤害\n•拥有完善的保护电路：开机软启动，欠压，过压，过热，过载，过流，直流保护\n\n额定功率RMS：(8Ω)2×350W；\n额定功率RMS：(4Ω)：2×530W；\n频响：20Hz-20kHz, ±0.5dB；\n输入灵敏度:0.77V/1.4V/26dB；\n信噪比≥95dB，失真度（THD）≤0.03%；\n阻尼系数（f=1KHz 8Ω）＞240；\n转换速率：15V/uS；\n净重11.5Kg，\n机箱厚度2U；","台",1,1680,1680]
[5,"16路紧凑型数字调音台","DIGIMIX","FLEX 16","16路高性能模拟麦克风输入，包含4个Combo输入\n16段高精度主输出电平表，监听和主输出自动切换\n9个100mm行程的优质电动滑杆电位器\n8个可自定义的平衡输出口\n6个内置效果器模块，2个调制，2个延时和2个混响\n4个单声道AUX总线，4个立体声GROUP总线,主输出L/R和立体声监听耳机\n2个31段图示均衡器\n2个 USB支持播放、录音、系统更新、及场景导入导出\n10.1寸1280X800像素高清IPS触摸屏\n1个 静音编组，全部静音和静音编组两种模式可切换\n1个 扩展插槽，可选配USB.DANTE和AES/EBU等多种模块\nEQ和压限器自带库功能，出厂自带常规乐器参数库\nRS232支持中控系统接入\n支持IPAD远程遥控\n支持MP3,AAC,WAV,FLAC,APE等格式的音源播放\n启动时间短，25秒可开机\n开关机无冲击声\n自定义层功能\n通道LINK功能\n侧链功能\n低音分频功能\n推子防尘设计\n电源防松脱设计\n消耗功率：50w\n尺寸：D*W*H:504*379*136mm\n净重：6.6kg，毛重9kg","台",1,5860,5860]
[6,"一拖二无线手持话筒","COEFMIC","VO8012C","立体式金属面板，高档、大气、最时尚的电子音量数字显示，左右声音一致性强，操作简便，红外线自动对频、具有导频功能。高保真声音传输电路，确保声音的清晰度和还原性，配专用咪芯，唱歌轻松。手持采用目前最先进的升压电路，有效延长了电池的使用时间在8-12小时，可根据客户要求做成人性化待机功能，手持静止不用8秒后自动静音，省电模式，10分钟后自动关机。（待机时间长短可按客户要求定制）。接收机：频率振荡方式：PLL锁相环回路，通道组数：双通道，功能显示方式：LCD/LED,射频范围： 600-980MHz 调制方式：Fm调频，可用带宽：每通道50MHz 信道数目:200-300通道， 频率稳定性： ±0.005%PLL锁相回路频率控制， 动态范围：＞110dB 峰值频偏：±45KHz 音频响应： 60Hz-18KHz(±3dB) 综合信噪比：＞105dB 综合失真： ＜0.5% 供电：100-240V AC50/60Hz 10W，发射机: 频率范围:600-980MHZ 频带宽度:50MHZ 谐波抑制:>55dBc 最大频偏:+_48KHZ 频率响应:50Hz-15KHz(-3dB) 信噪比:>105dB(A) 失真度:<1% 电池要求:AA型1.5Vx2碱性电池","套",1,956,956]
[7,"一拖四无线会议话筒","COEFMIC","KS-960","1.综合性能  2.固定式接收机  3.发射麦克风\n载波频率:UHF640-840MHZ  使用电源电压：DC15-18V  发射功率：+8dBm-+12dBm\n频率稳定性：〈±20ppm  消耗功率：5 WATER  调制方式：FM，F3F\n动态范围：〉95dB  信噪比：〉95dB  最大调制度：±40KHZ\n谐波失真：〈 0.5%  假象干扰比：〉85dB  频率调节方式：红外对频\n频率响应：50HZ-18KHZ±3dB  邻道干扰比：〉85dB  使用电源电压：1.5V电池2节\n\n音频输出：平衡式:0-700mV混合(6.3mm)式：0~300mV\n 接收灵敏度：〉5dBu(SINAD=20dB）  连续使用时间：10小时\n发射配件：  尺寸：420X210X43mm  电源启闭杂音:具有完美的开关杂音消除电路\n\n＊使用UHF640-840MHz频段，避免干扰。 \n＊接收机设有干净频道扫描功能，可以选出安全无干扰的频道。\n＊清晰的蓝光LCD屏显示信息，工作状态一目了然。\n＊采用红外线自动对频，方便快捷。\n＊采用音码（导频）及杂音锁定双重静噪控制，多机使用互不干扰，特别适合KTV等场合。\n＊设有200个频点自由选择，发射咪AB频道可以互用。\n＊采用音频压缩-扩展技术，噪声大大减少，动态范围加大。\n＊设有回输呼叫压低减弱功能，能有效的减少回输呼叫。\n＊接收机按键操作设有提示声音。\n＊接收机采用多级高频放大具有极高的灵敏性度。 \n＊接收机设有静噪调节功能，方便调节使用距离。\n＊具有平衡方式及不平衡方式音频输出。\n＊频率响应范围宽，超低失真度。 \n＊会议发射器有高低功率转换和锁定功能及电量显示。","台",1,2860,2860]
[8,"8路电源时序器","YYAUDIO","NPW80","电力输入条件(单相3线)：AC90-260V 50-60HZ两相（三线：零，火，地）\n通道数量：8路万用插座继电器受控与2路万用插座直接输出\n继电器受控输出最大承受单路功率/总功率(无功功率）：1500W/5000W最大承受无功功率\n输出电源插座规格：阻燃ABS材料，最大可承受13A电流磷铜材质，标准万用插座\n功能特点：1.顺序开启逆序关闭 2.PASS键可全通道同时打开 3.精准电压显示\n每路开关间隔时间/定时时间：1秒\n输出继电器触点电流：30A 277VAC\n电路板规格：双面纤维板，主电源走线二次加厚加粗处理\n供电规格：内置开关电源，适用全球电压AC90-260V 50-60HZ\n主电缆线规格：3*4平方电缆线，总长度为1.2米（无配电源输入插头）\n开启类型：方船型开关\n单路独立开关功能：不支持面板独立控制\n功能显示电压显示表类型：红色数码管显示电压表\n叠机级联功能：有（可选配）\n机身尺寸：长480MM * 宽185MM * 高48MM（非标准1U）\n单机包装尺寸：长510MM * 宽260MM * 高10MM(美牛硬纸盒）\n数量总重量与外包装尺寸：1件5台装共19KG，外包装尺寸：长530MM * 宽280MM * 高550MM\n总重量（含包装）：3.8KG","台",1,580,580]
[9,"音响壁挂架","配套","配套","配套","套",8,80,640]
[10,"设备机柜",{"$nulls":7},"现场自备"]
[11,"辅材",null,null,"过机线/插接件/卡龙头/音响头等",{"$nulls":4},"现场自备"]
[12,"线材",null,null,"2.0标准音响线",{"$nulls":4},"现场自备"]
["合计（含税，不含运费，不含安装调试费）",{"$nulls":7},48108]

{"sheet":"二楼报告厅","index":2,"n_rows":19,"n_cols":10,"rows_kept":19,"merged":[[0,0,0,5],[0,6,0,9],[2,0,2,9],[18,0,18,7]],"flags":["formulas_cached_only"]}
[]
["序号","设备名称","品牌","型号","技术参数","单位","数量","单价（元）","小计（元）","类似图"]
["A,一楼会议室一音响设备"]
[1,"8x3\"+1x1.75\"线性阵列音箱","EVH AUDIO","HFA903","产品概述：\n设计用于中小型视频会议室、数字法庭、会议中心、报告厅、阶梯教室等语言类扩声系统，教堂、博物馆、交通枢纽、广场公共区域等各种建筑空间的背景音乐系统。\n功能特点：\n拥有精准的波束投射指向技术，具备特有的声学性能优势。\n为应用波束可控导向技术的场合提供一种在性能和价格之间取得平衡特性的音响产品。\n高性能的阵列声柱能够为一些在语言和音乐听感空间存在自然混响系数高、有回声、有建筑障碍的复杂环境中作出良好的扩声。\n拥有精准20度的垂直扩散角度，声音通过梳状耦合原理实现线性式广播，8个特制的3寸钕磁单元结合1个1.75寸高性能的钕金属高频单元，使该款阵列声柱拥有均匀而对称的160度水平扩散角度。\n特别适合在中远距离扩声范围的环境中使用，在各种室内建筑空间，亦可与CLP304B阵列声柱一起搭配使用。\n技术参数：\n单元规格：8x3\"+1x1.75\"；\n频响范围：70Hz~20kHz；\n阻抗：4Ω；\n额定功率：300W；\n最大承载功率：1200W；\n灵敏度(1W/1m) ：100dB；\n最大SPL（1W/1m）：128dB；\n扩散角度（-6dB）：垂直>20°，水平>160°；\n箱体材质：铝质；\n箱体颜色：黑色；\n铁网颜色：黑色；\n铁网孔型：圆孔；\n吊装方式：壁架；\n连接方式：1个NL4插座(+1/-1)+1个栅栏接线端子；\n尺寸（高x宽x深）：828x94x117mm；\n产品净重：4.76kg；\n包装重量：5.59kg；","只",6]
[2,"18寸低音音箱","EVH AUDIO","NF118B","”-3dB频响：35Hz-300Hz \n驱动程序：1*18（460mm）/4音圈           \n额定功率：600Wrms，2400W峰值   \n灵敏度：100dB  1watt/1meter\n最大声压级：128dB持续，134dB峰值  \n额定阻抗：8 ohms nominal\n输入方式：2×Speakon NL4              \n包装尺寸：880mm*660mm*655mm          \n净重量：40kg   \n含包装重量：48kg   ","只",1]
[3,"2*700W功放","EVH AUDIO","Vortex 700D","•采用优质环行变压器供电，优质大容量电解电容滤波，整机静态功耗低，动态能量充沛\n•电路采用经典脉冲宽度调制放大电路，效率高达90﹪，元器件均按照HIFI级标准选型，使声音表现更加完美\n•采用先进的自动增益控制（AGC）技术，保证音频信号始终为高保真放大，并能有效保护功放与扬声器免受削波失真伤害\n•拥有完善的保护电路：开机软启动，欠压，过压，过热，过载，过流，直流保护\n\n额定功率RMS：(8Ω)2×700W；\n额定功率RMS：(4Ω)：2×1050W；\n频响：20Hz-20kHz, -0.5dB；\n输入灵敏度:0.77V/1.4V/26dB；\n信噪比≥95dB，失真度（THD）≤0.03%；阻尼系数（f=1KHz 8Ω）＞240；转换速率：15V/uS；净重11.5Kg，机箱厚度2U；\n整机静态功耗低，动态能量充沛；具备开机软启动，欠压，过压，过热，过载，过流，直流保护等特性","台",3]
[4,"2*550W功放\n（桥接低音）","EVH AUDIO","Vortex 500D","•采用优质环行变压器供电，优质大容量电解电容滤波，整机静态功耗低，动态能量充沛\n•电路采用经典脉冲宽度调制放大电路，效率高达90﹪，元器件均按照HIFI级标准选型，使声音表现更加完美\n•采用先进的自动增益控制（AGC）技术，保证音频信号始终为高保真放大，并能有效保护功放与扬声器免受削波失真伤害\n•拥有完善的保护电路：开机软启动，欠压，过压，过热，过载，过流，直流保护\n\n额定功率RMS：(8Ω)2×550W；\n额定功率RMS：(4Ω)：2×830W；\n频响：20Hz-20kHz, ±0.5dB；\n输入灵敏度:0.77V/1.4V/26dB；\n信噪比≥95dB，失真度（THD）≤0.03%；阻尼系数（f=1KHz 8Ω）＞240；转换速率：15V/uS；净重11.5Kg，机箱厚度2U；\n整机静态功耗低，动态能量充沛；具备开机软启动，欠压，过压，过热，过载，过流，直流保护等特性","台",1]
[5,"16路紧凑型数字调音台","DIGIMIX","FLEX 16","16路高性能模拟麦克风输入，包含4个Combo输入\n16段高精度主输出电平表，监听和主输出自动切换\n9个100mm行程的优质电动滑杆电位器\n8个可自定义的平衡输出口\n6个内置效果器模块，2个调制，2个延时和2个混响\n4个单声道AUX总线，4个立体声GROUP总线,主输出L/R和立体声监听耳机\n2个31段图示均衡器\n2个 USB支持播放、录音、系统更新、及场景导入导出\n10.1寸1280X800像素高清IPS触摸屏\n1个 静音编组，全部静音和静音编组两种模式可切换\n1个 扩展插槽，可选配USB.DANTE和AES/EBU等多种模块\nEQ和压限器自带库功能，出厂自带常规乐器参数库\nRS232支持中控系统接入\n支持IPAD远程遥控\n支持MP3,AAC,WAV,FLAC,APE等格式的音源播放\n启动时间短，25秒可开机\n开关机无冲击声\n自定义层功能\n通道LINK功能\n侧链功能\n低音分频功能\n推子防尘设计\n电源防松脱设计\n消耗功率：50w\n尺寸：D*W*H:504*379*136mm\n净重：6.6kg，毛重9kg","台",1]
[6,"一拖二无线手持话筒","COEFMIC","VO8012C","立体式金属面板，高档、大气、最时尚的电子音量数字显示，左右声音一致性强，操作简便，红外线自动对频、具有导频功能。高保真声音传输电路，确保声音的清晰度和还原性，配专用咪芯，唱歌轻松。手持采用目前最先进的升压电路，有效延长了电池的使用时间在8-12小时，可根据客户要求做成人性化待机功能，手持静止不用8秒后自动静音，省电模式，10分钟后自动关机。（待机时间长短可按客户要求定制）。接收机：频率振荡方式：PLL锁相环回路，通道组数：双通道，功能显示方式：LCD/LED,射频范围： 600-980MHz 调制方式：Fm调频，可用带宽：每通道50MHz 信道数目:200-300通道， 频率稳定性： ±0.005%PLL锁相回路频率控制， 动态范围：＞110dB 峰值频偏：±45KHz 音频响应： 60Hz-18KHz(±3dB) 综合信噪比：＞105dB 综合失真： ＜0.5% 供电：100-240V AC50/60Hz 10W，发射机: 频率范围:600-980MHZ 频带宽度:50MHZ 谐波抑制:>55dBc 最大频偏:+_48KHZ 频率响应:50Hz-15KHz(-3dB) 信噪比:>105dB(A) 失真度:<1% 电池要求:AA型1.5Vx2碱性电池","套",2]
[7,"高效反馈抑制器","EQ Acoustics","Clear2000","◆ 滤波器：每通道12个独立的数字陷波滤波器，从40Hz~20KHz自动控制   \n◆ 滤波器带宽：用户可以控制，或者是1/10倍频程，或者是1/5倍频程，恒 \n    定Q值，分辨率1Hz \n◆ 寻找和消除反馈需要的时间：0.4秒，典型值1KHz \n◆ 每通道活动滤波器与固定滤波器的数量：用户可选择，最后的配置储存在存储器中 \n◆ 活动滤波器计时器：活动滤波器的释放时间为1，5，30或60分钟 \n◆ 输入/输出：输入/输出的最大信号电平：平衡输入/输出+27dBV，峰值，不平衡输 \n    入/输出+21dBV，峰值 \n◆ 输出驱动：单元接规定执行驱动一个>600Ω的负载 \n◆ 输入阻抗：平衡或不平衡输入阻抗>40KΩ，2脚高电平 \n◆ 输出阻抗：平衡或不平衡输出阻抗150Ω，2脚高电平   \n◆ 傍通：真正的电源关断傍通 \n◆ 峰值空间：一般4dBV平衡输入，最大峰值为+23dB \n◆ I/C连接器：XLR-3和1/4″TRS \n◆ 频率响应：20Hz~20KHz，±0.3dB \n◆ 增益匹配：±0.2dB \n◆ 频谱改变：+025dB，20Hz~20KHz \n◆ 信/噪—动态范围：>100dB   \n◆ 总谐波失真：0.005%，1KHz；20Hz~10KH，<0.01%     \n    10kHz~20kHz，<0.025% \n◆ 动态范围：>105dB \n◆ 电源：220V \n◆ 保险丝：115V，AC：0.1A，10W，0.16A快速熔断保险丝 \n◆ 230V，AC：0.06A，10W，0.16A块速熔断保险丝 \n◆ 重量：3.6kg \n◆ 体积：IU","台",1]
[8,"U段无线会议系统主机","COEFMIC","KZ-6302M","功能特点：\n*讨论型数字会议系统；\n*产品采用数字无线处理音频信号和控制信号，无需繁琐的连线；\n*科学的IP与ID编码设计，ID:001-008，IP:001-160；\n*单元数量不受限制，可置于回路中任意位置；\n*C4.PU多级纠错和加密扰码。防止串频干扰和抗手机电磁干扰；\n*具有先进先出和限制发言、主席专用三种发言模式，同时发言人数1-4人可选； \n*主机大屏幕（240X128）点阵LCD显示工作内容。分级菜单设计，具有音量调节，发言模式，发言人数，使用信道，EQ功能，通信IP和通信ID调节功能，实时显示发言人数，通道顺序，信道位置与单元电量数据；\n*主席优先控制功能，不受限制功能的限制，可切断代表发言；\n*使用距离：80-100米，通讯距离：100-150米；\n*可安装于19英寸标准机柜中；\n*适合各种会议场合使用。\n\n技术参数：\n电源: DC12-17V\n接收灵敏度: -105dBm\n信噪比:>90dB\n失真度:<0.05% dB\n最大频偏:±45KHz\n工作有效距离:100米\n会话信道数:4*64\n功率：6.5W",null,1]
[9,"桌面式主席单元（集讨论、LED显示）","COEFMIC","KZ-632C","功能特点：\n*讨论型数字会议系统单元；\n*抗电磁、手机干扰功能；\n*LED提示发言模式、工作状态、低压指示等内容信息；\n*主席单元具有优先功能，不受限制功能的限制，可切断代表发言；\n*鹅颈式咪杆设计，咪头具有灯环指示开机状态；\n*外置发射天线，使信号全方位发射，在有效范围内不会出现失控状态；\n*使用4*AA 1.5V 电池，即安装即使用，可连续使用7小时。\n*可选色：黑色。\n\n技术参数：\n电源供应：DC 6V，AA1.5V*4\n发射功率：10mW\n话筒灵敏度：-47±2dB@1KHz\n频率响应：30-18KHz",null,1]
[10,"桌面式代表单元（集讨论、LED显示）","COEFMIC","KZ-632D","功能特点：\n*讨论型数字会议系统单元；\n*抗电磁、手机干扰功能；\n*LED提示发言模式、工作状态、低压指示等内容信息；\n*主席单元具有优先功能，不受限制功能的限制，可切断代表发言；\n*鹅颈式咪杆设计，咪头具有灯环指示开机状态；\n*外置发射天线，使信号全方位发射，在有效范围内不会出现失控状态；\n*使用4*AA 1.5V 电池，即安装即使用，可连续使用7小时。\n*可选色：黑色。\n\n技术参数：\n电源供应：DC 6V，AA1.5V*4\n发射功率：10mW\n话筒灵敏度：-47±2dB@1KHz\n频率响应：30-18KHz",null,12]
[11,"8路电源时序器","YYAUDIO","NPW80","电力输入条件(单相3线)：AC90-260V 50-60HZ两相（三线：零，火，地）\n通道数量：8路万用插座继电器受控与2路万用插座直接输出\n继电器受控输出最大承受单路功率/总功率(无功功率）：1500W/5000W最大承受无功功率\n输出电源插座规格：阻燃ABS材料，最大可承受13A电流磷铜材质，标准万用插座\n功能特点：1.顺序开启逆序关闭 2.PASS键可全通道同时打开 3.精准电压显示\n每路开关间隔时间/定时时间：1秒\n输出继电器触点电流：30A 277VAC\n电路板规格：双面纤维板，主电源走线二次加厚加粗处理\n供电规格：内置开关电源，适用全球电压AC90-260V 50-60HZ\n主电缆线规格：3*4平方电缆线，总长度为1.2米（无配电源输入插头）\n开启类型：方船型开关\n单路独立开关功能：不支持面板独立控制\n功能显示电压显示表类型：红色数码管显示电压表\n叠机级联功能：有（可选配）\n机身尺寸：长480MM * 宽185MM * 高48MM（非标准1U）\n单机包装尺寸：长510MM * 宽260MM * 高10MM(美牛硬纸盒）\n数量总重量与外包装尺寸：1件5台装共19KG，外包装尺寸：长530MM * 宽280MM * 高550MM\n总重量（含包装）：3.8KG","台",2]
[12,"音响壁挂架","配套","配套","配套","套",6]
[13,"设备机柜",{"$nulls":7},"现场自备"]
[14,"辅材",null,null,"过机线/插接件/卡龙头/音响头等",{"$nulls":4},"现场自备"]
[15,"线材",null,null,"2.0标准音响线",{"$nulls":4},"现场自备"]
["合计（含税，不含运费，不含安装调试费）",{"$nulls":7},155478]